000 00573nam a2200217Ia 4500
005 20250508160735.0
008 008 250505s9999 xx 000 0 hin d
037 _aTextual
040 _aFEDL
_beng
_cFEDL
041 _ahin
_2hin
084 _a330, SUN
_qFEDL
100 _aSundram K. P. M.
_9310565
245 0 _aArthshastra ke sinddhant
250 _a4
260 _aAgra, India
_bRatan Prakashan Mandir
_c1971
300 _a780p
650 _aEducation
700 _a Vaisy M. C.
_9769251
942 _cTEXL
_h330, SUN
999 _c1366345
_d1366345